戦国・安土桃山時代武将 基本編 - Statistics

General Stats
  • This quiz has been taken 41 times
  • The average score is 20 of 24
Answer Stats
No. Hint Answer % Correct
1 三英傑の一人。全国統一まであと一歩に迫るが死亡。 織田信長
100%
2 三英傑の一人。1の跡を継ぎ、全国統一を達成する。 豊臣秀吉
100%
3 三英傑の一人。征夷大将軍に就任し、江戸幕府を開いた。 徳川家康
100%
4 三日月型の兜をつけた東北の有力大名。「独眼竜」と恐れられた。 伊達政宗
97%
9 甲斐の有力大名。戦に長け、信濃や上野などに勢力を大きく拡大した。 武田信玄
97%
10 駿河の大名。東海道一の弓取りと称えられた。しかし1に桶狭間にて討たれる。 今川義元
97%
14 室町幕府15代将軍。1に抵抗するも失敗し追放される。 足利義昭
94%
18 安芸の大名。小豪族から中国地方の巨大勢力へ成長。「謀神」という異名もある。 毛利元就
94%
8 越後の有力大名。9とよく対比される。「越後の龍」と呼ばれた。 上杉謙信
92%
11 美濃の大名。下剋上の象徴とされる。「美濃のマムシ」と呼ばれた。 斎藤道三
92%
12 近江の大名。1の妹と婚姻同盟をするも裏切り、1を苦しめる。 浅井長政
92%
15 美濃の名家出身。1に信用されるが苛烈なパワハラに耐えかねて裏切る。 明智光秀
92%
5 戦国時代のはじまりと言われる小田原城奪取を行なった。 北条早雲
86%
13 越前の大名。父祖が残した版図を継ぎ、1に対抗する。 朝倉義景
83%
24 薩摩の大名。4人兄弟の長兄。優秀な兄弟達と九州統一間近に迫るも2に降伏。 島津義久
83%
16 1の重臣。北陸方面を任せれるも1の死後2と対立し討たれる。 柴田勝家
81%
21 土佐の大名。土佐統一すらままならない状態から四国一国を統治。しかし後に2に降伏。 長宗我部元親
81%
6 6の孫で、同氏の勢力を関東広域に広げた。「相模の獅子」と呼ばれた。 北条氏康
78%
22 豊後の大名。若年時は北九州の大大名となるが晩年はキリスト教に傾倒し弱体化する。 大友宗麟
78%
23 肥前の大名。一時は22に代わって北九州を牛耳るが24らに討たれる。 龍造寺隆信
72%
17 阿波の大名。近畿に大きな版図を築き、「副王」と呼ばれた。 三好長慶
69%
7 常陸(茨城)の有力大名。4や6を食い止め、渡り合った。 佐竹義重
58%
19 出雲の大名。こちらも17と同じく謀略が得意。かなり初期の戦国大名。20に対抗した。 尼子経久
56%
20 周防の大名。貿易で大儲けをする。手腕を用いて中国地方や九州にも影響力を持った。 大内義興
42%
No matching quizzes found
Score Distribution
Percent of People with Each Score
Percentile by Number Answered
Your Score History
You have not taken this quiz